Patient Assessment - Statistics

General Stats
  • This quiz has been taken 12 times
  • The average score is 15 of 46
Answer Stats
Hint Answer % Correct
x Blood Pressure
80%
B Breathing
80%
x Pulse
80%
O Onset
60%
A Airway
40%
A Allergies
40%
C Circulation
40%
E Events
40%
L Last Oral Intake
40%
M Medications
40%
P Past Medical History
40%
1 Primary Assessment
40%
P Provocation
40%
x Pupils
40%
Q Quality
40%
R Radiation
40%
3 Secondary Assessment
40%
S Signs and Symptoms
40%
C Spinal Immobilization
40%
T Time
40%
A Additional Resources
20%
Full/Focused Assessment
20%
x Capnography
20%
C Chief Complaint
20%
D Differential Diagnosis
20%
x ECG
20%
E Expose
20%
F Fast Scan
20%
G General Impression
20%
x Glucometer
20%
G Go or No
20%
I Interventions
20%
4 Interventions
20%
M Management Plan
20%
M Mental Status
20%
M MOI NOI
20%
N Number of Patients
20%
S PPE BSI
20%
x Pulse Oximetry
20%
G Reevaluate Field Impression
20%
x Respiratory Rate
20%
S Scene Safety
20%
S Severity
20%
x Skin
20%
x Tempurature
20%
2 Vitals
20%
No matching quizzes found
Score Distribution
Percent of People with Each Score
Percentile by Number Answered
Your Score History
You have not taken this quiz